00453nam a22001577a 450000500170000000800410001702000150005804100130007308200140008610000240010024500490012425000190017326000460019230000320023865000250027020231107062530.0231107b |||||||| |||| 00| 0 eng d a0702115320 aEnglish  a346.5 HON aHonore, TlEnglish  aThe South African Law of Trusts /cT Honore  aThird Edition  aCape Town :bJuta and Company Ltd, c1985 blxvi, 551 pages ; c26 cm.  aLegal practice bLaw